Wizards of Once quiz - Statistics

General Stats
  • This quiz has been taken 42 times
  • The average score is 7 of 8
Answer Stats
Question Answer % Correct
wizards magic is supposed too come in when they are 13
94%
Wish has a magic eye
94%
who is wish's mother Sychorax
94%
Xar is from the wizard tribe
88%
Xar has a secret he hides with a glove, what is his secret? he has witch blood on him
82%
Xar's favorite sprite is squeezjoos
82%
crusher is a very very dumb giant, true or false false
71%
wish's assistant body guard is named Bodkin
65%
No matching quizzes found
Score Distribution
Percent of People with Each Score
Percentile by Number Answered
Your Score History
You have not taken this quiz